| 000 | 00000nam##2200000za#4500 |
| 001 | 9.695000 |
| 003 | CaOODSP |
| 005 | 20210624234356 |
| 007 | cr ||||||||||| |
| 008 | 150407|2003||||xxc|||||o f|0| 0 eng|d |
| 040 | |aCaOODSP|beng |
| 043 | |an-cn--- |
| 086 | 1 |aCH14-25/2003E-PDF |
| 110 | 1 |aCanada. |bCanadian Heritage. |
| 245 | 10|aDestinations - final report : |h[electronic resource]|bNational Gathering on Aboriginal Cultures and Tourism, Whistler, British Columbia, December 1-3, 2003 |
| 260 | |aOttawa - Ontario : |bCanadian Heritage |c[2003]. |
| 300 | |a46p. |
| 590 | |a12-29-Supp|b2012-06-25 |
| 690 | 07|aIndigenous culture|2gcpds |
| 690 | 07|aTourism|2gcpds |
| 775 | 08|tDestinations - rapport final : |w(CaOODSP)9.639168 |
| 856 | 40|ahttp://publications.gc.ca|qPDF|s2426 KB|uhttps://publications.gc.ca/collections/collection_2011/pc-ch/CH14-25-2003-eng.pdf |